000 00767nam a2200205 a 4500
001 000041021
005 20201002034546.0
008 130913s2001 sp 001 0 spa d
020 _a8400073015
040 _aDO-SdBNP
_bspa
_cBNPHU
100 1 _aAvenoza, Gemma
_967488
245 1 3 _aLa biblia de Juda y la megel-lat antiochus en romance /
_cGemma Avenza.
260 _aMadrid :
_bCSIC,
_c2001.
300 _a215 p. (11) láminas ;
_c24 cm.
490 1 _aBiblioteca de filología hispánica ;
_v25
504 _aIncluye referencias bibliográficas y notas al pie de las páginas
504 _aBibliografía : p. 163 -192
710 2 _aConsejo Superior de Investigaciones Científicas, (España)
_963834
830 0 _aBiblioteca de filología hispánica ;
_v25
_967489
999 _c40511
_d40511